Memorias del ajuste de una economía en crisis / (Registro nro. 14353)

Detalles MARC
000 -LEADER
fixed length control field 00860nam a2200241 a 4500
001 - CONTROL NUMBER
control field 000002994
003 - CONTROL NUMBER IDENTIFIER
control field DO-SdBNP
005 - DATE AND TIME OF LATEST TRANSACTION
control field 20221128125438.0
008 - FIXED-LENGTH DATA ELEMENTS--GENERAL INFORMATION
fixed length control field 090706s1988 dr r 000 0 spa d
040 ## - CATALOGING SOURCE
Original cataloging agency DO-SdBNP
Language of cataloging spa
Transcribing agency BPMSU
082 #4 - DEWEY DECIMAL CLASSIFICATION NUMBER
Classification number 338.97293
Item number M585m 1988
Edition number 22
100 1# - MAIN ENTRY--PERSONAL NAME
Personal name Messina, Milton
245 10 - TITLE STATEMENT
Title Memorias del ajuste de una economía en crisis /
Statement of responsibility, etc. Milton Messina.
260 ## - PUBLICATION, DISTRIBUTION, ETC. (IMPRINT)
Place of publication, distribution, etc. Santo Domingo :
Name of publisher, distributor, etc. Fondo para el Avance de las Ciencias Sociales,
Date of publication, distribution, etc. 1988.
300 ## - PHYSICAL DESCRIPTION
Extent 181 p. ;
Dimensions 24 cm.
500 ## - GENERAL NOTE
General note Incluye datos biográficos del autor en la contraportada
504 ## - BIBLIOGRAPHY, ETC. NOTE
Bibliography, etc Incluye referencias bibliográficas y notas al pie de las páginas.
590 ## - LOCAL NOTE (RLIN)
Local note Inventariado, 2022/VM
650 #4 - SUBJECT ADDED ENTRY--TOPICAL TERM
Topical term or geographic name as entry element Estabilidad económica
Chronological subdivision 1982-1986
651 #4 - SUBJECT ADDED ENTRY--GEOGRAPHIC NAME
Geographic name República Dominicana
General subdivision Política conómica
Chronological subdivision 1982-1986
910 ## - USER-OPTION DATA (OCLC)
User-option data VMateo V./Validado
942 ## - ADDED ENTRY ELEMENTS (KOHA)
Source of classification or shelving scheme Dewey Decimal Classification
Koha item type Libros
Existencias
Withdrawn status Lost status Source of classification or shelving scheme Damaged status Not for loan Home library Current library Date acquired Total Checkouts Full call number Barcode Date last seen Price effective from Koha item type
    Dewey Decimal Classification     Biblioteca Pública Metropolitana Salomé Ureña Biblioteca Pública Metropolitana Salomé Ureña 11/28/2022   BPMSU CD 338.97293 M585m 1988 BPMSU22110045 11/28/2022 11/28/2022 Libros